000 00861nam a2200205 a 4500
003 AM-YeHGA
040 _aAM-YeHGA
090 _c510672
001 000504044
005 20250618075904.0
008 061016|1926 ai | |||||||||||||arm|d
041 1 _aarm
100 _aԲոյարսկայա, Ջ.
_95758
245 1 0 _aԿլարա Ցետկին :
_b(Կենսագրական ակնարկ) /
_cՋ. Բոյարսկայա.
260 _aՄոսկվա :
_bԽՍՀՄ ժողովուրդների կենտրոնական հրատ.,
_c1926.
300 _a32 էջ :
_bդիմանկ. ;
_c18 սմ.
600 0 _aՑետկին, Կլարա
_95551
650 1 4 _aԱրտասահմանյան երկրների կոմունիստական և բանվորական կուսակցությունների գործիչների կյանքն ու գործունեությունը
942 _2udc
_cBK
999 _c507246
_d507246